SMR - A significant advance in NR marketing (Record no. 68782)

MARC details
000 -LEADER
fixed length control field 00304nam a2200121Ia 4500
245 #0 - TITLE STATEMENT
Title SMR - A significant advance in NR marketing
260 ## - PUBLICATION, DISTRIBUTION, ETC. (IMPRINT)
Name of publisher Rubber Developments
Year of publication 1965
300 ## - PHYSICAL DESCRIPTION
Number of Pages 38-42
650 ## - SUBJECT ADDED ENTRY--TOPICAL TERM
Topical Term Rubber marketing
650 ## - SUBJECT ADDED ENTRY--TOPICAL TERM
Topical Term SMR
942 ## - ADDED ENTRY ELEMENTS (KOHA)
Koha item type Journals
Holdings
Withdrawn status Lost status Damaged status Not for loan Home library Current library Shelving location Date acquired Serial Enumeration / chronology Koha item type
      Journals RRII Library RRII Library Rubber chemistry 17/12/2021 Volume 18, Issue 2 Journals